Zvolen námestie : hrad : celkový pohľad : pamätník Ľ. Štúra

Zobrazenie: Štyri čiastkové pohľady oddelené bielymi líniami. Pohľad n námestie, vľavo v pozadí za kríkmi vidno pamätník padlým sovietskym vojakom. Pohľad na Zvolenský zámok. Pohľad na námestie z výšky, vľavo v popredí vidno vežu katolíckeho Kostola sv. Alžbety, v pozadí sú budovy mesta. Pohľad na p...

Celý popis

Podrobná bibliografia
Korporatívny autor: ČTK-Pressfoto (vydavateľstvo : Bratislava, Slovensko). Archív (Fotograf)
Ďalší autori: Šmátrala, Milan (fotograf) (Fotograf), Sekal, Josef, 1936- (Fotograf)
Médium: Fotografia
Jazyk:slovenčina
Fyzický popis:1 pohľadnica (4 čiastkové pohľady) farebná 11 x 15 cm
Vydavateľské údaje: Bratislava ČSTK-Pressfoto 1975
Predmet:

MARC

LEADER 00000nkm a2200000 a 4500
001 vtls011976207
003 SK-MaSNL
005 20260331211851.0
007 kf co
008 231213s1975 xo g kuslo
015 |a SNBG1975 
035 |a urn:nbn:sk:snk-km00ehco 
035 |a urn:nbn:sk:snk-km43bmt 
035 |a 0BB65A69-03BD-47DE-8B20-36CF027F6070 
040 |a SNK  |b slo  |c SNK  |e AACR2 
041 0 |a slo 
043 |a e-xo--- 
044 |a xo  |c SK 
072 7 |a 913  |x Regionálna geografia  |2 konspekt 
080 |a 913(437.6)  |2 2011 
080 |a 725.945  |2 2011 
080 |a (084.121)  |2 2011 
080 |a 728.82  |2 2011 
080 |a 711.61  |2 2011 
080 |a 726:27-523.42  |2 2011 
100 1 |a Šmátrala, Milan  |c (fotograf)  |4 pht  |9 164919 
245 1 0 |a Zvolen  |h grafika  |b námestie : hrad : celkový pohľad : pamätník Ľ. Štúra  |c foto: M. Šmátrala, J. Sekal, arch. 
246 1 |i Názov na obrazovej časti:  |a Zvolen 
260 |a Bratislava  |b ČSTK-Pressfoto  |c 1975  |e Skalica  |f Grafobal 
300 |a 1 pohľadnica (4 čiastkové pohľady)  |b farebná  |c 11 x 15 cm 
520 8 |a Zobrazenie: Štyri čiastkové pohľady oddelené bielymi líniami. Pohľad n námestie, vľavo v pozadí za kríkmi vidno pamätník padlým sovietskym vojakom. Pohľad na Zvolenský zámok. Pohľad na námestie z výšky, vľavo v popredí vidno vežu katolíckeho Kostola sv. Alžbety, v pozadí sú budovy mesta. Pohľad na pamätník Ľ. Štúra 
600 1 7 |a Štúr, Ľudovít,  |d 1815-1856  |2 SNKMA  |9 92872 
610 2 7 |a Zvolenský zámok  |2 SNKKA  |9 231245 
610 2 7 |a Kostol sv. Alžbety (Zvolen, Slovensko)  |2 SNKKA  |9 198523 
650 0 7 |a pamätníky  |2 SNKPH  |9 25601 
650 0 7 |a zámky  |2 SNKPH  |9 3041 
650 0 7 |a námestia  |2 SNKPH  |9 26291 
650 0 7 |a kostoly  |2 SNKPH  |9 3023 
651 7 |a Zvolen (Slovensko)  |2 SNKPHgeo  |9 14595 
655 7 |a miestne pohľadnice  |2 SNKPH  |9 70510 
700 1 |a Sekal, Josef,  |d 1936-  |4 pht  |9 83549 
710 2 |a ČTK-Pressfoto (vydavateľstvo : Bratislava, Slovensko).  |b Archív  |4 pht  |9 337897 
852 |a Slovenská národná knižnica 
954 |a pohľadnice pôvodné (slovenské)  |2 lita 
954 |a pohľadnice cudzojazyčné (svetové)  |2 lita 
958 |a GC 
958 |a GBN 
958 |a OND 
958 |a EUIPO 
999 |c 694132  |d 696062 
952 |a SNK  |b SNK  |y PREZ  |7 0  |p 17A1411034  |o snkSP 77525  |z Pohľadnica prešla poštou.  |0 0  |1 0  |4 0  |d 2020-06-23  |f 1  |l 0  |r 2026-02-23 20:37:22  |w 2026-02-23